<?xml version="1.0" encoding="UTF-8"?>
<marc:record xmlns:marc="http://www.loc.gov/MARC21/slim">
   <marc:leader>00000nam a2200000 a 4500</marc:leader>
   <marc:datafield ind1="1" ind2=" " tag="100">
      <marc:subfield code="a">Haller, Reinhard</marc:subfield>
      <marc:subfield code="4">aut</marc:subfield>
      <marc:subfield code="e">Verfasser/-in</marc:subfield>
   </marc:datafield>
   <marc:datafield ind1=" " ind2=" " tag="653">
      <marc:subfield code="a">Rache</marc:subfield>
   </marc:datafield>
   <marc:datafield ind1="0" ind2="0" tag="245">
      <marc:subfield code="a">Rache</marc:subfield>
   </marc:datafield>
   <marc:datafield ind1="0" ind2="0" tag="245">
      <marc:subfield code="b">gefangen zwischen Macht und Ohnmacht</marc:subfield>
   </marc:datafield>
   <marc:datafield ind1="0" ind2="0" tag="245">
      <marc:subfield code="c">Haller, Reinhard</marc:subfield>
   </marc:datafield>
   <marc:datafield ind1=" " ind2="1" tag="264">
      <marc:subfield code="a">Salzburg</marc:subfield>
      <marc:subfield code="b">Ecowin</marc:subfield>
   </marc:datafield>
   <marc:datafield ind1=" " ind2=" " tag="250">
      <marc:subfield code="a">1. Auflage</marc:subfield>
   </marc:datafield>
   <marc:datafield ind1="1" ind2=" " tag="520">
      <marc:subfield code="a">Angaben aus der Verlagsmeldung &#xD;
&#xD;
 &#xD;
&#xD;
  Rache : Gefangen zwischen Macht und Ohnmacht / von Reinhard Haller &#xD;
&#xD;
 &#xD;
Vom Gedanken zur TatRache ist ein Gefühl, das in allen, auch den engsten, Beziehungen vorkommt, nicht selten folgen den Rachegedanken auch Taten. Meist sind es nur alltägliche Bösartigkeiten, manchmal aber auch unglaubliche Verbrechen. Der Autor kennt Süße und Bitternis der Rache aus der psychotherapeutischen Praxis. Und auch das unvermeidliche Schuldgefühl, das darauf folgt.Ist die Seele verletzt, das Ego beleidigt, ist der Wunsch nach Rache nicht weit. Der Psychotherapeut und Bestsellerautor Reinhard Haller kennt die kleine, fiese, quälende innere Stimme, die nach Revanche schreit, die das vermeintliche oder tatsächliche Unrecht sühnen will. Er kennt aber auch die großen Kriminalfälle, in die er als forensischer Psychiater Einblick hatte. Er zeigt, in welche Abgründe die Rachsucht führt und, dass auch die süßeste Rache einen bitteren Beigeschmack hat. Und dieser existiert in Gestalt von Schuld undschlechtem Gewissen länger, als die Süße anzuhalten vermag.</marc:subfield>
   </marc:datafield>
   <marc:datafield ind1=" " ind2=" " tag="020">
      <marc:subfield code="a">9783711002341</marc:subfield>
      <marc:subfield code="9">9783711002341</marc:subfield>
   </marc:datafield>
   <marc:datafield ind1=" " ind2=" " tag="020">
      <marc:subfield code="a">371100234X</marc:subfield>
      <marc:subfield code="9">371100234X</marc:subfield>
   </marc:datafield>
   <marc:datafield ind1=" " ind2=" " tag="041">
      <marc:subfield code="a">ger</marc:subfield>
   </marc:datafield>
   <marc:datafield ind1=" " ind2=" " tag="338">
      <marc:subfield code="a">Band</marc:subfield>
   </marc:datafield>
   <marc:datafield ind1=" " ind2=" " tag="300">
      <marc:subfield code="a">235 Seiten</marc:subfield>
   </marc:datafield>
</marc:record>
